| 000 | 00534nam a22001817a 4500 | ||
|---|---|---|---|
| 005 | 20161107171752.0 | ||
| 010 | _aENG-116461 | ||
| 020 |
_a9788124119075 _c895.00 |
||
| 035 | _aEN-99993 | ||
| 037 | _bDBAD/PUB | ||
| 082 | _a954.92 | ||
| 100 | _aGupta Ray,M.K. | ||
| 245 |
_aBirth of a nation / _cby M.K. Gupta Ray |
||
| 260 |
_aNew Delhi _bHar-Anand Publications _c2016 |
||
| 270 |
_aE-49/3, Okhla Industrial Area, Phase-II _bNew Delhi _e110020 |
||
| 300 |
_a296p. _c21cm (Hb) |
||
| 942 |
_2ddc _cEN _h954.92 _mGUP |
||
| 999 |
_c104504 _d104504 |
||